000 00702nam a2200229Ia 4500
003 OSt
005 20241107155159.0
008 210716s2008 xx 000 0 und d
020 _a9780070581173
040 _cAIMIT LIBRARY
041 _aeng
082 _a651.7
_21
_bARRL
100 _aArredondo, Lani.
_9184542
245 _aCommunicating effectively /
_cBy Lani Arredondo.
250 _a1st ed.
260 _aNew Delhi :
_bTata Mc Graw Hill Publishing Company ,
_c2008.
300 _aix,228p. ;
_bPB
_c23.9 cm
650 _aProfiles and preferences
_9184543
650 _aCommunicating so they get it right
_9184544
650 _aFinishing touches
_9184545
942 _2ddc
_cBK
_e1st
_k651.7 ARRL
999 _c202705
_d202705